Missing Word: Assassination Victims Quiz Stats

 Plays Quiz not verified by Sporcle

Support Sporcle.
Go Orange.
Score 0/20 Timer 03:00
0 Plays Today
Hint Name % Correct
_____ CaesarJulius
98.2%
Abraham _____Lincoln
97.3%
Martin _____ King, Jr.Luther
95.3%
John F. _____Kennedy
95.2%
_____ LennonJohn
93.1%
Malcolm _____X
90.4%
Indira _____Gandhi
79.7%
Mohandas _____Gandhi
79.7%
Rajiv _____Gandhi
79.7%
_____ FerdinandFranz
77.7%
Hint Name % Correct
Tupac _____Shakur
74.6%
_____ TrotskyLeon
69.8%
_____ McKinleyWilliam
63.4%
James A. _____Garfield
59.1%
Benazir _____Bhutto
56.3%
_____ SadatAnwar
55.2%
_____ RasputinGrigori
33.6%
_____ RabinYitzhak
29.5%
_____ PalmeOlof
17.3%
_____ Chung-heePark
16.9%

You're not logged in!

Compare scores with friends on all Sporcle quizzes.
OR
Log In

From the Vault

2019/20 Premier League Teams by Home Kit

by treessimontrees

Because home isn't just where the heart is, it's where the premier heart is.
Remove Ads.
Support Sporcle.
Get the best of Sporcle when you Go Orange. This ad-free experience offers more features, more stats, and more fun while also helping to support Sporcle. Thank you for becoming a member.

Show Comments

Extras

Top Quizzes Today


Score Distribution

Your Account Isn't Verified!

In order to create a playlist on Sporcle, you need to verify the email address you used during registration. Go to your Sporcle Settings to finish the process.

Report this User

Report this user for behavior that violates our Community Guidelines.

Details: